00892nam a2200241 a 450000100060000000300080000600500170001400800410003103500190007204000270009104100080011808200250012610000430015124500680019426000430026230000260030550400360033160000460036765100580041394200120047199900170048395201500050064476BD-RjUL20211209081319.0170215s1985 ii b 001 0beng  a(BD-RjUL)64606 aDLCcDLCdBD-RjULbeng aeng 223a954.91bKAP 19851 aKaushik, Surendra Nath,d1952-919128210aPakistan under Bhutto's leadership /cby Surendra Nath Kaushik. aNew Delhi :bUppal Pub. House,cc1985. axii, 362 p. ;c23 cm. aIncludes index and bibliography10aBhutto, Zulfikar Ali,d1928-1979.9175910 0aPakistanxPolitics and governmenty1971-1988.9174321 2ddccBK c64476d64476 00102ddc40718NFICaRUCLbRUCLcReadingd1996-06-24eIdeal library, Dhakag27.50l0o954.91 KAP 1985r2017-02-15 00:00:00tC-1w2021-12-09yBK